Populární polky. 2
| Main Author: | Langer, Adolf, 1910-1986 |
|---|---|
| Language: | No linguistic content |
| Published: |
Praha : Státní hudební vydavatelství, 1965 |
| Edition: | 3. vyd. |
| Series: |
Harmonikový repertoir
|
| Physical Description: |
31 s. |
| LEADER | 00790ncm a22002412a 4500 | ||
|---|---|---|---|
| 001 | 001238792 | ||
| 003 | CZ BrMZK | ||
| 005 | 20120813100216.0 | ||
| 007 | qu | ||
| 008 | 120813s1965 xr |||||||||||||||||zxx d | ||
| 040 | |a BOA001 |b cze | ||
| 072 | 7 | |a 786 |x Hudba pro klávesové nástroje |2 Konspekt |9 9 | |
| 100 | 1 | |a Langer, Adolf, |d 1910-1986 |7 jk01071514 |4 arr | |
| 245 | 1 | 0 | |a Populární polky. |n 2 |h [hudebnina] / |c upravil Adolf Langer |
| 250 | |a 3. vyd. | ||
| 260 | |a Praha : |b Státní hudební vydavatelství, |c 1965 | ||
| 300 | |a 31 s. | ||
| 490 | 1 | |a Harmonikový repertoir ; |v 57 | |
| 830 | 0 | |a Harmonikový repertoir | |
| 910 | |a BOA001 |b Mus4-0463.705-65,2 | ||
| 990 | |a MU | ||
| 991 | |b 201208 | ||
| 996 | 6 | |b 2619075402 |c Mus4-0463.705-65,2 |l MZK |r Sklad / do 1 hodiny |n 0 |w 001272760 |u 000010 |a 1 |e BOA001 |j MZK50 |s P | |
English
Čeština 